000 00368nam a2200133 i 4500
001 bg
100 1 _aPUCHAŁKA, Tadeusz
245 0 _aTeoria systemów przełączających.
_nCz. 3,
_pTeoria automatów stochastycznych /
_cTadeusz Puchałka.
260 _aWarszawa,
_c1980.
040 _cBPK
041 _apol
942 _cKS
008 s pl f |000 0 pol
999 _c19404
_d19404
856 _uhttp://koha.tu.koszalin.pl/cgi-bin/koha/opac-detail.pl?biblionumber=19404
_yKatalog online BPK